000 004160000a22001570004500
041 0 _aSPA
082 0 4 _aG 261.83 B2754s
245 1 0 _aSociologia y fe cristiana / Alberto Barrientos Paninski, Editor
260 _aSan José, Costa Rica : Dartex
300 _a91 Pag
001 6974
942 _cBK
999 _c37215
_d37215
336 _atexto
_btxt
_2rdacontent
337 _2rdamedia
_asin mediación
_bn
338 _2rdacarrier
_avolumen
_bnc